000 00966nmm a2200265 a 4500
003 AR-BaBNM
005 20251128211105.0
008 092120s1969 ||||||||||||||000 | spa||
040 _cAR-BaBNM
100 1 _aKeppel, Francis
245 1 0 _aLa obligada reforma educativa
250 _a1ª ed.
260 _aMéxico, D.F.
_bLetras
_c1969
300 _a202 p.
_bgráf.=300 0#
_btablas
500 _aEn Apéndice A contiene: Mensaje del Presidente John F. Kennedy al Congreso en 1963, mensaje del Presidente Lyndon B. Johnson al Congreso en 1965. En Apéndice B contiene: Ley de enseñanza elemental y secundaria de 1965. Indice alfabético en p. 197
650 4 _aREFORMA DE LA EDUCACION
650 4 _aPOLITICA EDUCATIVA
650 4 _aCALIDAD DE LA EDUCACION
650 4 _aDEMOCRATIZACION DE LA EDUCACION
650 4 _aHISTORIA DE LA EDUCACION
651 4 _aEstados Unidos
700 1 _aMateo, Andrés M:
_etraductor
942 _cBK
998 _cAlicia
999 _c18181
_d18181